000 00450nam a2200181Ia 4500
005 20250423095706.0
008 250422s9999 xx 000 0 und d
020 _a810902028
050 _aN 6465.I4 C6813/
100 _aCourthion, Pierre.
245 0 _aImpressionism
260 _aNew York
260 _bHarry N. Abrams, INC
260 _c2007
300 _a205 p
650 _aImpressionism (Art) Art, Modern--19th century.
942 _cBK
999 _c31046
_d31046